000 00748nam a22002537a 4500
003 UA-OsUOA
001 43279
007 ta
008 20061218b un ||||| |||| 00| 0 ukr d
100 _aПотапова Р.К.
700 _aПотапов В.В.
090 _a81"1(075.8)
_bП64
942 _cBK
040 _aUA-OsUOA
_brus
_cUA-OsUOA
_dUA-OsUOA
245 _aЯзык, речь, личность
300 _a496 с.
955 _a2
041 _arus
080 _a81"1(075.8)
020 _a5-9551-0123-3
260 _aМ.
_bЯзыки славянской культкры
_c2006
650 7 _a8 Мовознавство. Художня література. Літературознавство
_2UDC
999 _c329413
_d329413